Villes les plus riches d'Île-de-France - Statistiques

Statistiques générales
  • Ce quiz a été pris 113 fois
  • Le résultat moyen est 6 sur 15
Statistiques - réponses
Classement Département Revenu fiscal moyen Ville % Correct
1 92 48 010 Neuilly-sur-Seine
92%
10 78 33 780 Versailles
84%
6 92 35 040 Boulogne-Billancourt
74%
9 92 34 500 Levallois-Perret
64%
14 92 33 650 Issy-les-Moulineaux
58%
2 92 39 760 Saint-Cloud
48%
7 94 34 880 Vincennes
45%
12 92 33 680 Sèvres
42%
4 94 36 180 Saint-Mandé
37%
5 92 36 010 Sceaux
26%
13 78 33 670 Chatou
21%
15 78 33 520 Le Chesnay-Rocquencourt
19%
11 92 33 700 Bourg-la-Reine
15%
3 78 36 990 Maisons-Laffitte
14%
8 91 34 730 Gif-sur-Yvette
9%
Aucun quiz correspondant
Distribution des résultats
% des personnes avec chaque résultat
Percentile par nombre de réponses
Votre historique - résultats
Vous n’avez pas pris ce quiz